| 000 | 00440nam a2200169Ia 4500 | ||
|---|---|---|---|
| 008 | 230524s9999 xx 000 0 und d | ||
| 082 |
_a330 _bTRI |
||
| 100 | _aSukanta K.Tripathy | ||
| 245 | 0 | _aMaterial Science and Engineering | |
| 250 | _a2ND | ||
| 260 |
_aBHUBANESWAR _bScitech _c2009 |
||
| 300 | _aXI;56.67 | ||
| 500 | _aQuantity Number: 50 | ||
| 650 | _aChemistry | ||
| 700 | _a" Arun K.Padhy , Achyut K.Panda,,," | ||
| 942 | _cBK | ||
| 999 |
_c44803 _d44803 |
||